| 000 | 00514nam a22001697a 4500 | ||
|---|---|---|---|
| 005 | 20240117161218.0 | ||
| 010 | _aENG-138924 | ||
| 020 |
_c1200.00 _a9788194964025 |
||
| 035 | _aEN-122456 | ||
| 037 | _bDBAD/PUB | ||
| 082 | _a378.73 | ||
| 245 |
_aAll Our Yesterdays: _bJanki Devi Memorial College At 60/ |
||
| 260 |
_aNew Delhi _bVitasta Publishing Pvt ltd _c2021 |
||
| 270 |
_a2/15, Ansari Road, Daryaganj, _bNew Delhi _e110002 |
||
| 300 |
_a261p. _c29cm(hb) |
||
| 942 |
_2ddc _cEN _h378.78 _mALL |
||
| 999 |
_c200195 _d200195 |
||